<?xml version="1.0" encoding="UTF-8"?>
<marc:record xmlns:marc="http://www.loc.gov/MARC21/slim" type="Bibliographic">
   <marc:leader>00000pim a2200000 c 4500</marc:leader>
   <marc:controlfield tag="001">97996024X</marc:controlfield>
   <marc:controlfield tag="003">DE-101</marc:controlfield>
   <marc:controlfield tag="005">20171202000048.0</marc:controlfield>
   <marc:controlfield tag="007">sd||||||||||||</marc:controlfield>
   <marc:controlfield tag="007">co||||||||||||</marc:controlfield>
   <marc:controlfield tag="008">060530s2006    gw |||||q|||||||||||ger  </marc:controlfield>
   <marc:datafield ind1=" " ind2=" " tag="015">
      <marc:subfield code="a">07,A02,1955</marc:subfield>
      <marc:subfield code="z">06,N26,2222</marc:subfield>
      <marc:subfield code="2">dnb</marc:subfield>
   </marc:datafield>
   <marc:datafield ind1="7" ind2=" " tag="016">
      <marc:subfield code="2">DE-101</marc:subfield>
      <marc:subfield code="a">97996024X</marc:subfield>
   </marc:datafield>
   <marc:datafield ind1=" " ind2=" " tag="020">
      <marc:subfield code="a">9783886988532</marc:subfield>
      <marc:subfield code="c">: EUR 19.90 (DE, freier Pr.), EUR 20.50 (AT, freier Pr.), sfr 36.70 (freier Pr.)</marc:subfield>
      <marc:subfield code="9">978-3-88698-853-2</marc:subfield>
   </marc:datafield>
   <marc:datafield ind1=" " ind2=" " tag="020">
      <marc:subfield code="a">3886988538</marc:subfield>
      <marc:subfield code="c">: EUR 19.90 (DE, freier Pr.), EUR 20.50 (AT, freier Pr.), sfr 36.70 (freier Pr.)</marc:subfield>
      <marc:subfield code="9">3-88698-853-8</marc:subfield>
   </marc:datafield>
   <marc:datafield ind1="3" ind2=" " tag="024">
      <marc:subfield code="a">9783886988532</marc:subfield>
   </marc:datafield>
   <marc:datafield ind1=" " ind2=" " tag="035">
      <marc:subfield code="a">(DE-599)DNB97996024X</marc:subfield>
   </marc:datafield>
   <marc:datafield ind1=" " ind2=" " tag="035">
      <marc:subfield code="a">(OCoLC)723599142</marc:subfield>
   </marc:datafield>
   <marc:datafield ind1=" " ind2=" " tag="040">
      <marc:subfield code="a">1245</marc:subfield>
      <marc:subfield code="b">ger</marc:subfield>
      <marc:subfield code="c">DE-101</marc:subfield>
      <marc:subfield code="d">9999</marc:subfield>
   </marc:datafield>
   <marc:datafield ind1=" " ind2=" " tag="041">
      <marc:subfield code="a">ger</marc:subfield>
      <marc:subfield code="h">rus</marc:subfield>
   </marc:datafield>
   <marc:datafield ind1=" " ind2=" " tag="044">
      <marc:subfield code="c">XA-DE-BW</marc:subfield>
   </marc:datafield>
   <marc:datafield ind1="7" ind2="4" tag="082">
      <marc:subfield code="a">891.8</marc:subfield>
      <marc:subfield code="a">B</marc:subfield>
      <marc:subfield code="q">DE-101</marc:subfield>
      <marc:subfield code="2">22sdnb</marc:subfield>
   </marc:datafield>
   <marc:datafield ind1="0" ind2="0" tag="245">
      <marc:subfield code="a">Fjodor Dostojewskij - die Box</marc:subfield>
      <marc:subfield code="b">ungekürzte Lesungen</marc:subfield>
      <marc:subfield code="c">Sprecher: Friedrich Schoenfelder ; Klaus-Dieter König ; Hans-Peter Bögel</marc:subfield>
   </marc:datafield>
   <marc:datafield ind1=" " ind2="1" tag="264">
      <marc:subfield code="a">Schwäbisch Hall</marc:subfield>
      <marc:subfield code="b">Steinbach</marc:subfield>
      <marc:subfield code="c">2006</marc:subfield>
   </marc:datafield>
   <marc:datafield ind1=" " ind2=" " tag="300">
      <marc:subfield code="a">9 CDs</marc:subfield>
      <marc:subfield code="b">stereo, DDD</marc:subfield>
      <marc:subfield code="c">12 cm, in Behältnis 14 x 13 x 3 cm</marc:subfield>
   </marc:datafield>
   <marc:datafield ind1=" " ind2=" " tag="336">
      <marc:subfield code="a">gesprochenes Wort</marc:subfield>
      <marc:subfield code="b">spw</marc:subfield>
      <marc:subfield code="2">rdacontent</marc:subfield>
   </marc:datafield>
   <marc:datafield ind1=" " ind2=" " tag="337">
      <marc:subfield code="a">audio</marc:subfield>
      <marc:subfield code="b">s</marc:subfield>
      <marc:subfield code="2">rdamedia</marc:subfield>
   </marc:datafield>
   <marc:datafield ind1=" " ind2=" " tag="338">
      <marc:subfield code="a">Audiodisk</marc:subfield>
      <marc:subfield code="b">sd</marc:subfield>
      <marc:subfield code="2">rdacarrier</marc:subfield>
   </marc:datafield>
   <marc:datafield ind1="0" ind2=" " tag="490">
      <marc:subfield code="a">Steinbach sprechende Bücher</marc:subfield>
   </marc:datafield>
   <marc:datafield ind1="0" ind2=" " tag="490">
      <marc:subfield code="a">Die Klassiker-Hörbibliothek</marc:subfield>
   </marc:datafield>
   <marc:datafield ind1=" " ind2=" " tag="653">
      <marc:subfield code="a">(VLB-FS)Grossinquisitor</marc:subfield>
   </marc:datafield>
   <marc:datafield ind1=" " ind2=" " tag="653">
      <marc:subfield code="a">(VLB-FS)Spieler</marc:subfield>
   </marc:datafield>
   <marc:datafield ind1=" " ind2=" " tag="653">
      <marc:subfield code="a">(VLB-FS)Dostojewski, Fjodor M.</marc:subfield>
   </marc:datafield>
   <marc:datafield ind1=" " ind2=" " tag="653">
      <marc:subfield code="a">(VLB-PF)AC: Audio-CD</marc:subfield>
   </marc:datafield>
   <marc:datafield ind1=" " ind2=" " tag="653">
      <marc:subfield code="a">(VLB-PG)SD400: Audio-CD</marc:subfield>
   </marc:datafield>
   <marc:datafield ind1=" " ind2=" " tag="653">
      <marc:subfield code="a">(VLB-PG)TQ500: Hörbücher</marc:subfield>
   </marc:datafield>
   <marc:datafield ind1=" " ind2=" " tag="653">
      <marc:subfield code="a">(VLB-WI)5: Audio-CD, Cassette</marc:subfield>
   </marc:datafield>
   <marc:datafield ind1=" " ind2=" " tag="653">
      <marc:subfield code="a">(VLB-WG)111: Belletristik / Romane, Erzählungen</marc:subfield>
   </marc:datafield>
   <marc:datafield ind1=" " ind2="7" tag="655">
      <marc:subfield code="0">(DE-588)4522869-3</marc:subfield>
      <marc:subfield code="0">http://d-nb.info/gnd/4522869-3</marc:subfield>
      <marc:subfield code="0">(DE-101)955174880</marc:subfield>
      <marc:subfield code="a">CD</marc:subfield>
      <marc:subfield code="2">gnd-carrier</marc:subfield>
   </marc:datafield>
   <marc:datafield ind1="1" ind2=" " tag="700">
      <marc:subfield code="0">(DE-588)118527053</marc:subfield>
      <marc:subfield code="0">http://d-nb.info/gnd/118527053</marc:subfield>
      <marc:subfield code="0">(DE-101)118527053</marc:subfield>
      <marc:subfield code="a">Dostoevskij, Fëdor Michajlovič</marc:subfield>
      <marc:subfield code="d">1821-1881</marc:subfield>
      <marc:subfield code="e">Mitwirkender</marc:subfield>
      <marc:subfield code="4">ctb</marc:subfield>
   </marc:datafield>
   <marc:datafield ind1="1" ind2=" " tag="700">
      <marc:subfield code="0">(DE-588)11938275X</marc:subfield>
      <marc:subfield code="0">http://d-nb.info/gnd/11938275X</marc:subfield>
      <marc:subfield code="0">(DE-101)11938275X</marc:subfield>
      <marc:subfield code="a">Schoenfelder, Friedrich</marc:subfield>
      <marc:subfield code="d">1916-2011</marc:subfield>
      <marc:subfield code="e">Mitwirkender</marc:subfield>
      <marc:subfield code="4">ctb</marc:subfield>
   </marc:datafield>
   <marc:datafield ind1="1" ind2=" " tag="700">
      <marc:subfield code="0">(DE-588)131443151</marc:subfield>
      <marc:subfield code="0">http://d-nb.info/gnd/131443151</marc:subfield>
      <marc:subfield code="0">(DE-101)131443151</marc:subfield>
      <marc:subfield code="a">König, Klaus-Dieter</marc:subfield>
      <marc:subfield code="e">Mitwirkender</marc:subfield>
      <marc:subfield code="4">ctb</marc:subfield>
   </marc:datafield>
   <marc:datafield ind1="1" ind2=" " tag="700">
      <marc:subfield code="0">(DE-588)121678091</marc:subfield>
      <marc:subfield code="0">http://d-nb.info/gnd/121678091</marc:subfield>
      <marc:subfield code="0">(DE-101)121678091</marc:subfield>
      <marc:subfield code="a">Bögel, Hans-Peter</marc:subfield>
      <marc:subfield code="d">1941-</marc:subfield>
      <marc:subfield code="e">Mitwirkender</marc:subfield>
      <marc:subfield code="4">ctb</marc:subfield>
   </marc:datafield>
   <marc:datafield ind1=" " ind2=" " tag="850">
      <marc:subfield code="a">DE-101a</marc:subfield>
      <marc:subfield code="a">DE-101b</marc:subfield>
   </marc:datafield>
   <marc:datafield ind1="r" ind2=" " tag="925">
      <marc:subfield code="a">ra</marc:subfield>
   </marc:datafield>
</marc:record>
